书目信息 |
| 题名: |
不可不知的24节气常识
|
|
| 作者: | 汉竹 主编 ;王明强 编著 | |
| 分册: | ||
| 出版信息: | 南京 江苏科学技术出版社 2014.01 |
|
| 页数: | 287页 | |
| 开本: | 25cm | |
| 丛书名: | 汉竹·健康爱家系列 | |
| 单 册: | ||
| 中图分类: | S162 | |
| 科图分类: | ||
| 主题词: | 二十四节气--基本知识 , 二十四节气 | |
| 电子资源: | ||
| ISBN: | 978-7-5537-2020-3 | |
| 000 | 00999oam2 2200289 450 | |
| 001 | 0120131175466 | |
| 005 | 20140609084324.89 | |
| 010 | @a978-7-5537-2020-3@b精装@dCNY49.80 | |
| 100 | @a20140111d2014 em y0chiy0110 ea | |
| 101 | 0 | @achi |
| 102 | @aCN@b320000 | |
| 105 | @aa z 000yy | |
| 106 | @ar | |
| 200 | 1 | @a不可不知的24节气常识@9bu ke bu zhi de 24 jie qi chang shi@f汉竹主编@g王明强编著 |
| 210 | @a南京@c江苏科学技术出版社@d2014.01 | |
| 215 | @a287页@c图@d25cm | |
| 225 | 2 | @a汉竹·健康爱家系列 |
| 330 | @a本书用通俗易懂的语言介绍我们都应该知道却被忽略掉的24节气常识,内容包括每个节气的“习俗与故事”、“养生方法”、“诗词歌赋”、“民间谚语”和“农业安排”,并配上生动有趣的插图。 | |
| 333 | @a一般读者 | |
| 461 | 0 | @12001 @a汉竹·健康爱家系列 |
| 606 | 0 | @a二十四节气@x基本知识 |
| 606 | 0 | @a二十四节气 |
| 690 | @aS162@v5 | |
| 701 | 0 | @a汉竹@9han zhu@4主编 |
| 702 | 0 | @a王明强@9wang ming qiang@4编著 |
| 801 | 0 | @aCN@b人天书店@c20140111 |
| 905 | @b547761-63@dS162@e79@f3 | |
| 不可不知的24节气常识/汉竹主编/王明强编著.-南京:江苏科学技术出版社,2014.01 |
| 287页:图;25cm.-(汉竹·健康爱家系列) |
| 使用对象:一般读者 |
| ISBN 978-7-5537-2020-3(精装):CNY49.80 |
| 本书用通俗易懂的语言介绍我们都应该知道却被忽略掉的24节气常识,内容包括每个节气的“习俗与故事”、“养生方法”、“诗词歌赋”、“民间谚语”和“农业安排”,并配上生动有趣的插图。 |
| ● |
| 相关链接 |
|
|
|
|
正题名:不可不知的24节气常识
索取号:S162/79
 
预约/预借
| 序号 | 登录号 | 条形码 | 馆藏地/架位号 | 状态 | 备注 |
| 1 | 547761 | 205477615 | 第二样本阅览室/ [索取号:S162/79] | 在馆 | |
| 2 | 547762 | 205477624 | 第三借阅区/ [索取号:S162/79] | 在馆 | |
| 3 | 547763 | 205477633 | 第三借阅区/ [索取号:S162/79] | 在馆 |